00964nam a22002297a 4500999001500000003000900015008004100024020001800065040007100083082001800154245007600172260006400248300002800312440005400340505014100394650003400535650001600569650002600585942001600611945000900627952009800636 c4190d4190AR-CdUCM190308b ||||| |||| 00| 0 spa d a84-505-4780-6 aMUNICIPALIDAD PROVINCIAL DEL CUSCOcBIBLIOTECA MUNICIPAL DEL CUSCO a791.43 /bI59 aEncuentro Iberoamericano de cine y video sobre ciencia y tecnología / aMadrid :bInstituto de cooperación Iberoamericano,c1986. a194 páginas ;c20 cm. aInstituto de cooperación Iberoamericana 913279 aContenido: Imágenes para la ciencia y la tecnología -- Argentina -- Bolivia -- Brasil -- Colombia -- Costa Rica -- Cuba -- Perú... aCiencia y tecnología 98461 aCine913177 aComunicación 94985 2ddccLIBROS adavv 002ddc4070aSAbSAcCARTd2019-03-08g20.00o791.43 / I59pSA0000000026r2019-03-08yLIBROS